[Event "Africa-ch rapid (Women)"]
[Site "Accra"]
[Date "2024.03.10"]
[Round "4"]
[White "Banini, Gertrude"]
[Black "Banda, Natalie Katlo"]
[Result "0-1"]
[WhiteElo "1681"]
[BlackElo "1772"]
[PlyCount "124"]
[EventDate "2024.03.07"]
[EventType "swiss (rapid)"]
[EventRounds "6"]
[EventCountry "GHA"]
[SourceTitle "CB15_2024"]
[SourceDate "2024.04.10"]
[SourceVersion "1"]
[SourceVersionDate "2024.04.10"]
[SourceQuality "1"]

1. d4 d5 2. c4 c6 3. cxd5 cxd5 4. Nf3 Nf6 5. Nc3 e6 6. Bg5 Nc6 7. e3 h6 8. Bh4 Be7 9. Bd3 0-0 10. 0-0 b6 11. a3 Bb7 12. b4 Rc8 13. Qb3 Qd7 14. Rfc1 Nb8 15. Bg3 Nc6 16. Rc2 Nh5 17. Rac1 Nxg3 18. hxg3 Bf6 19. Bb5 Rc7 20. Bxc6 Bxc6 21. b5 Ba8 22. Ne2 Rfc8 23. Rxc7 Rxc7 24. Rxc7 Qxc7 25. Qc3 Qd7 26. a4 Bb7 27. Ne1 a6 28. Qb4 axb5 29. Qxb5 Qxb5 30. axb5 Bc8 31. Nc3 Bd7 32. Nc2 Be7 33. Kf1 f5 34. Ke2 Kf7 35. f4 Kf6 36. Kf3 Be8 37. Kf2 g5 38. Kf3 gxf4 39. gxf4 Kg6 40. g3 h5 41. Kg2 h4 42. gxh4 Kh5 43. Kf3 Kxh4 44. Na4 Bh5+ 45. Kf2 Bd1 46. Nxb6 Bxc2 47. Nc8 Bd8 48. b6 Ba4 49. b7 Bc7 50. Ne7 Bb5 51. Kf3 Ba6 52. Ng6+ Kh5 53. Nf8 Bxb7 54. Nxe6 Bd6 55. Nc5 Bxc5 56. dxc5 Kh4 57. Ke2 Kg3 58. Kd3 Kf3 59. Kd4 Bc6 60. Ke5 Kxe3 61. Kxf5 d4 62. Ke5 d3 0-1

[Event "Wch FIDE Online U14 Girls Africa qual"]
[Site "Tornelo INT"]
[Date "2020.11.29"]
[Round "3"]
[White "Banda, Natalie Katlo"]
[Black "De Villiers, Anri"]
[Result "0-1"]
[WhiteElo "1394"]
[BlackElo "1415"]
[PlyCount "86"]
[EventDate "2020.11.28"]
[EventType "swiss (rapid)"]
[EventRounds "7"]
[EventCountry "ISS"]
[SourceTitle "EXT 2022"]
[Source "ChessBase"]
[SourceDate "2021.10.06"]
[SourceVersion "1"]
[SourceVersionDate "2021.10.06"]
[SourceQuality "1"]

1. d4 Nf6 2. Nf3 g6 3. Bg5 Ne4 4. Bf4 d5 5. Nbd2 Bg7 6. e3 0-0 7. Bd3 Nxd2 8. Qxd2 b6 9. h4 h5 10. Be5 c5 11. Bxg7 Kxg7 12. c3 Nc6 13. Be2 Bf5 14. Rd1 Be4 15. Rg1 e6 16. Ng5 Bf5 17. Nf3 Bg4 18. g3 Qc7 19. Ng5 Bxe2 20. Qxe2 Rae8 21. Nf3 Rd8 22. Qd3 e5 23. dxe5 Nxe5 24. Nxe5 Qxe5 25. Qe2 Rfe8 26. Rd2 Re7 27. Qd1 Red7 28. Qe2 Re8 29. Qd1 Qe6 30. Qe2 Rde7 31. Qd1 Rd8 32. Qe2 Red7 33. Qd1 Qe5 34. Qe2 Qe7 35. Qd1 Qe6 36. Qe2 Re7 37. Qd1 Qc6 38. Qe2 Qe6 39. Qd1 Rd6 40. Qe2 Red7 41. Qd1 Qf5 42. Qe2 Qb1+ 43. Qd1 Qxa2 0-1

[Event "Wch FIDE Online U14 Girls Africa qual"]
[Site "Tornelo INT"]
[Date "2020.11.29"]
[Round "4"]
[White "Mohamed Azzab, Mareim"]
[Black "Banda, Natalie Katlo"]
[Result "1-0"]
[WhiteElo "1333"]
[BlackElo "1394"]
[PlyCount "75"]
[EventDate "2020.11.28"]
[EventType "swiss (rapid)"]
[EventRounds "7"]
[EventCountry "ISS"]
[SourceTitle "EXT 2022"]
[Source "ChessBase"]
[SourceDate "2021.10.06"]
[SourceVersion "1"]
[SourceVersionDate "2021.10.06"]
[SourceQuality "1"]

1. e4 e5 2. Nf3 Nc6 3. Bc4 Nf6 4. d3 Be7 5. 0-0 0-0 6. Be3 d5 7. exd5 Nxd5 8. Bd2 Bf6 9. Nc3 Nxc3 10. Bxc3 Bg4 11. h3 Bh5 12. Re1 Bxf3 13. Qxf3 a6 14. Rad1 Qc8 15. Bd5 Nd8 16. Bxe5 Bxe5 17. Rxe5 c6 18. Bb3 Qc7 19. Rde1 a5 20. Re7 Qd6 21. Re8 a4 22. Rxf8+ Kxf8 23. Qe3 Qd7 24. Qc5+ Kg8 25. Re7 b6 26. Qe3 Qxe7 27. Qxe7 g6 28. Bxa4 Rxa4 29. Qxd8+ Kg7 30. Qxb6 Rxa2 31. Qxc6 Ra1+ 32. Kh2 f6 33. d4 Rd1 34. c4 Rxd4 35. b4 Kf7 36. b5 Ke7 37. b6 Rd6 38. Qe4+ 1-0

[Event "Wch FIDE Online U14 Girls Africa qual"]
[Site "Tornelo INT"]
[Date "2020.11.28"]
[Round "1"]
[White "Banda, Natalie Katlo"]
[Black "Ait Bentaleb, Hiba"]
[Result "1-0"]
[WhiteElo "1394"]
[BlackElo "1728"]
[PlyCount "79"]
[EventDate "2020.11.28"]
[EventType "swiss (rapid)"]
[EventRounds "7"]
[EventCountry "ISS"]
[SourceTitle "EXT 2022"]
[Source "ChessBase"]
[SourceDate "2021.10.06"]
[SourceVersion "1"]
[SourceVersionDate "2021.10.06"]
[SourceQuality "1"]

1. d4 d5 2. Nf3 Nc6 3. e3 Bg4 4. h3 Bh5 5. Nbd2 Nf6 6. c3 e6 7. Bd3 Bd6 8. 0-0 Qd7 9. Re1 h6 10. e4 dxe4 11. Nxe4 Nxe4 12. Bxe4 0-0 13. Qd3 Rfe8 14. Bxc6 Qxc6 15. Ne5 Bxe5 16. Rxe5 Bg6 17. Qg3 Rad8 18. h4 Qd6 19. h5 Bf5 20. Bxh6 g6 21. hxg6 fxg6 22. Bg5 Kg7 23. f4 Rd7 24. Qf3 c6 25. g4 Bc2 26. Rc1 Ba4 27. b3 Bb5 28. f5 Rf8 29. Rxe6 Qd5 30. Qxd5 Rxd5 31. Rxg6+ Kh7 32. Rh6+ Kg7 33. f6+ Kf7 34. Rh7+ Ke6 35. Re7+ Kd6 36. Bf4+ Re5 37. Bxe5+ Kd5 38. c4+ Ke4 39. cxb5 cxb5 40. f7 1-0

[Event "Antananarivo zt 4.3 (Women)"]
[Site "Antananarivo"]
[Date "2019.04.28"]
[Round "2"]
[White "Banda, Natalie Katlo"]
[Black "Ralivololona, Hanitriniaina Andri"]
[Result "1-0"]
[WhiteElo "1493"]
[BlackElo "1383"]
[PlyCount "101"]
[EventDate "2019.04.27"]
[EventType "tourn"]
[EventRounds "9"]
[EventCountry "MAD"]
[SourceTitle "EXT 2020"]
[Source "ChessBase"]
[SourceDate "2019.10.17"]
[SourceVersion "1"]
[SourceVersionDate "2019.10.17"]
[SourceQuality "1"]

1. d4 Nf6 2. c4 e6 3. Nc3 d5 4. Nf3 c5 5. cxd5 exd5 6. dxc5 h6 7. e3 Bxc5 8. Bb5+ Bd7 9. Bxd7+ Qxd7 10. 0-0 0-0 11. Qd3 Nc6 12. Rd1 Rad8 13. a3 a5 14. h3 Ne7 15. Qb5 Qc7 16. b3 Ne4 17. Bb2 Nxc3 18. Bxc3 b6 19. Rac1 Qd7 20. Qxd7 Rxd7 21. Bxa5 Bxe3 22. fxe3 bxa5 23. Rc5 Rb7 24. Rb1 Rc8 25. Rxc8+ Nxc8 26. Kf2 Ne7 27. Nd4 Rc7 28. Ke2 g5 29. g4 Kg7 30. Kd2 Kg6 31. Rc1 Rxc1 32. Kxc1 f5 33. gxf5+ Nxf5 34. Kd2 Nxd4 35. exd4 Kf5 36. Ke3 h5 37. Kf3 g4+ 38. hxg4+ hxg4+ 39. Ke3 g3 40. b4 axb4 41. axb4 g2 42. Kf2 g1Q+ 43. Kxg1 Ke6 44. Kf2 Kd6 45. Ke3 Kc6 46. Kf4 Kb5 47. Ke5 Kxb4 48. Kxd5 Kb5 49. Kd6 Kb6 50. d5 Kb7 51. Ke7 1-0

[Event "African-ch U12 Girls"]
[Site "Kisumu"]
[Date "2018.08.12"]
[Round "1.3"]
[White "Banda, Natalie Katlo"]
[Black "Boshoma, Chisomo"]
[Result "0-1"]
[WhiteElo "1370"]
[BlackElo "1089"]
[PlyCount "108"]
[EventDate "2018.08.12"]
[EventType "swiss"]
[EventRounds "9"]
[EventCountry "KEN"]
[SourceTitle "EXT 2024"]
[Source "ChessBase"]
[SourceDate "2023.10.10"]
[SourceVersion "1"]
[SourceVersionDate "2023.10.10"]
[SourceQuality "1"]

1. d4 Nf6 2. c4 e6 3. Nc3 Bb4 4. Bd2 0-0 5. Nf3 d6 6. a3 Bxc3 7. Bxc3 Ne4 8. Qc2 Nxc3 9. Qxc3 b6 10. e4 Nd7 11. Bd3 Bb7 12. 0-0 Re8 13. Rfe1 e5 14. d5 Bc8 15. h3 Qf6 16. b4 a5 17. Red1 Nf8 18. Qd2 h6 19. Qe3 Ng6 20. Nh2 Nh4 21. g3 Qg6 22. g4 h5 23. Qg3 Qg5 24. Be2 hxg4 25. Bxg4 f5 26. Bxf5 Qxg3+ 27. fxg3 Bxf5 28. exf5 Nxf5 29. Kf2 Rf8 30. Nf1 Nd4+ 31. Kg2 Rf7 32. Ne3 Rf3 33. Rxd4 Rxe3 34. Rdd1 Rf8 35. Rf1 Rxf1 36. Kxf1 Rxg3 37. bxa5 bxa5 38. Ke2 Rxh3 39. Kd2 Rb3 40. Kc2 a4 41. Ra2 g5 42. Kc1 g4 43. Rg2 g3 44. Kc2 Rxa3 45. Kb2 Rb3+ 46. Ka2 Rf3 47. Rg1 Kg7 48. Kb2 Kg6 49. Kc2 Kg5 50. Kd2 a3 51. Ke2 Kf4 52. Rc1 a2 53. Ra1 Rf2+ 54. Ke1 Rb2 0-1